| 000 | 003350000a22001450004500 | ||
|---|---|---|---|
| 082 | 0 | 4 | _aSe81f |
| 100 | 1 | _aDr. Seuss | |
| 245 | 1 | 0 | _aThe foot book / Dr. Seuss |
| 260 | _aNew York : Grolier Book | ||
| 300 | _a[34 P.] | ||
| 440 | 0 | _aBright & Early Books | |
| 650 | 1 | 4 | _aCuentos Infantiles estadounidenses |
| 001 | 2058 | ||
| 942 | _cLGB | ||
| 999 |
_c49208 _d49208 |
||